| 000 | 01086nam a2200277 a 4500 | ||
|---|---|---|---|
| 001 | 415 | ||
| 003 | BR-CuiBMT | ||
| 005 | 20231106215552.0 | ||
| 008 | 230804s2015 mgba 000 0 por d | ||
| 020 | _a9788545000716 | ||
| 040 |
_aBR-CuiBMT _cBR-CuiBMT |
||
| 080 |
_a347.233 _22007 |
||
| 090 |
_a347.233 _bE79 |
||
| 245 | 1 | 0 |
_aEstado e propriedade : _bestudos em homenagem à professora Maria Coeli Simões Pires / _cMaria Tereza Fonseca Dias ... [et al.], corrdenadores ; prefácio Antonio Augusto Junho Anastasia; [autores Adhemar Ferreira Maciel ... et al.] |
| 260 |
_aBelo Horizonte : _bFórum, _c2015. |
||
| 300 |
_a453 p. ; _bil. : _c24 cm |
||
| 504 | _aInclui bibliografia. | ||
| 600 |
_aPires, Maria Coeli Simões, 1952- _cProfessora |
||
| 650 | _aDireito administrativo | ||
| 650 |
_aAdministração pública _xAspectos jurídicos |
||
| 650 |
_aPropriedade urbana _xRegime jurídico _zBrasil |
||
| 650 |
_aRegularização fundiária _zBrasil |
||
| 700 | 1 |
_aDias, Maria Tereza Fonseca _4et al. _4coord. |
|
| 700 | 1 |
_aMaciel, Adhemar Ferreira _4et al. _4autores |
|
| 942 |
_2udc _cLV |
||
| 999 |
_c415 _d415 |
||